Methods of analysis for screening crops of appropriate qualities

Αποθηκεύτηκε σε:
Λεπτομέρειες βιβλιογραφικής εγγραφής
Κύριος συγγραφέας: Gloria B Cagampang
Μορφή: Βιβλίο
Γλώσσα:Undetermined
Έκδοση: Philippines Institute of Plant Breeding, University of Philippines at Los Banos
Θέματα:
Ετικέτες: Προσθήκη ετικέτας
Δεν υπάρχουν, Καταχωρήστε ετικέτα πρώτοι!
Thư viện lưu trữ: Trung tâm Học liệu Trường Đại học Cần Thơ
LEADER 00587nam a2200169Ia 4500
001 CTU_30093
008 210402s9999 xx 000 0 und d
082 |a 630.243 
082 |b C131 
100 |a Gloria B Cagampang 
245 0 |a Methods of analysis for screening crops of appropriate qualities 
245 0 |c Gloria B Cagampang, Felicito M Rodriguez 
260 |a Philippines 
260 |b Institute of Plant Breeding, University of Philippines at Los Banos 
650 |a agricultural laboratories 
904 |i Liên, 990302 
980 |a Trung tâm Học liệu Trường Đại học Cần Thơ